LEADER 01401nam a2200289 4500 001 000000356994 003 CaOOAMICUS 005 20240207123556.0 008 240131s2023 xxk 000 u eng r 020 $a1-58983-188-8 040 $aSeMil$bita 100 0 $aPhilo : Alexandrinus ,$d.$0(OLS)http://semarc/name/1002 240 10$aIn Flaccum.$0(OLS)http://semarc/title/447328 245 10$aPhilo's Flaccus :$bthe first pogrom /$ctranslation and commentary by Pieter Willem van der Horst. 264 1$aAtlanta :$bSociety of Biblical Literature,$c2023. 300 $aXII, 277 p. ;$c23 cm 490 1 $aPhilo of Alexandria Commentary series ;$v2 650 4$aFilone : di Alessandria . In Flaccum.$0(OLS)http://semarc/subject/55042 700 1 $aHorst, Pieter Willem van der,$d<1946- >.$0(OLS)http://semarc/name/119068 830 0$aPhilo of Alexandria Commentary series ;$v2.$0(OLS)http://semarc/title/447225 850 $aSeMil 852 $aSeMil$W1$xVenegono$y1$m2T V 31$j245927$B248180$CSeMilBibl$Z2$F248180 $81 961 $aPerego don Stefano - Omaggio 996 $6020$a1-58983-188-8$9(OLS)http://semarc/number/299732 996 $6245$aPhilo's Flaccus :$bthe first pogrom$9(OLS)http://semarc/title/447226 996 $6264$aAtlanta :$bSociety of Biblical Literature$9(OLS)http://semarc/publisher/59647 LEADER 00614nam a2200169 i 4500 001 000000223884 003 CaOOAMICUS 005 20131021000000.0 008 131021s1832 it u000 u ita u 013 $a202782 040 $aSeMil$bita 245 10$aVol. 5. 300 $a126 p. 773 0 $aGracián, Baltasar <1601-1658>$tUomo nella societŕ ossia l'arte di prudentemente condursi fra il secolo.$dIn Venezia : Nella Tipografia Picotti, 1832.$g5$w()8427 850 $aSeMil 852 $aSeMil$W1$xVenegono$y1$m2R I 68 FA$j174230$B174230$CSeMilBibl$Z2$F184396 $8I 996 $6245$aVol. 5$9(OLS)http://semarc/title/108696